ბათუმის შოთა რუსთაველის სახელმწიფო უნივერსიტეტის ბიბლიოთეკა

ქართული სამეფო-სამთავროების საგარეო პოლიტიკის ისტორიიდან : (ბიბ.ჩანაწერი № 39390)

000 -ლიდერი
ფიქსირებული სიგრძის საკონტროლო ველი 01531nam a2200265Ia 4500
001 - საკონტროლო ნომერი
საკონტროლო ველი 5979
003 - საკონტროლო ნომრის იდენტიფიკატორი
საკონტროლო ველი GE_BSU
005 - ბოლო ოპერაციის თარიღი და დრო
საკონტროლო ველი 20191030165933.0
008 - ფიქსირებული სიგრძის მონაცემთა ელემენტები - ზოგადი ინფორმაცია
ფიქსირებული სიგრძის საკონტროლო ველი 181216s2012||||ge |||||||||||||| ||geo||
020 ## - წიგნის საერთაშორისო სტანდარტული ნომერი
International Standard Book Number 9789941176975
040 ## - კატალოგიზაციის წყარო
Transcribing agency GE_BSU
041 ## - ენის კოდი
Language code of text/sound track or separate title geo
080 ## - უნივერსალური ათობითი კლასიფიკაციის ინდექსი
Universal Decimal Classification number 94(479.22) ქ-65
100 ## - მთავარი ჩანაწერი - პიროვნების სახელი
Personal name ქორთუა, ზაალ
9 (RLIN) 5127
245 ## - ცნობა სათაურის შესახებ
Title ქართული სამეფო-სამთავროების საგარეო პოლიტიკის ისტორიიდან :
Remainder of title ოდიშის სამთავრო XVII ს. პირველ ნახევარში : (ურთიერთობა ოსმალეთთან, სპარსეთთან და ევროპასთან) /
Statement of responsibility, etc ზაალ ქორთუა ; რედ. მურმან პაპაშვილი.
264 ## - წარმოების, გამოცემის, დისტრიბუციის და სხვა ცნობები
გამოცემის, წარმოების, დისტრიბუციის... ადგილი თბილისი :
გამოცემის, წარმოების, დისტრიბუციის... სახელწოდება უნივერსალი,
გამოცემის, წარმოების, დისტრიბუციის... თარიღი 2012.
300 ## - ფიზიკური აღწერა
Extent 175 გვ. ;
Other physical details 20 სმ.
504 ## - BIBLIOGRAPHY, ETC. NOTE
Bibliography, etc ბიბლიოგრ. ტექსტ. შენიშვნ. და გვ. 166-173.
520 ## - SUMMARY, ETC.
Summary, etc რეზ. ინგლ..
653 ## - INDEX TERM--UNCONTROLLED
Uncontrolled term ოდიშის სამთავროს ისტორია
653 ## - INDEX TERM--UNCONTROLLED
Uncontrolled term საქართველოს საგარეო პოლიტიკა
700 ## - ADDED ENTRY--PERSONAL NAME
Personal name პაპაშვილი, მურმან
Relator term რედაქტორი
9 (RLIN) 2032
710 ## - ADDED ENTRY--CORPORATE NAME
Corporate name or jurisdiction name as entry element შოთა მესხიას სახელმწ. სასწ. უნ-ტი.
9 (RLIN) 5128
942 ## - ADDED ENTRY ELEMENTS (KOHA)
Koha item type წიგნი
Source of classification or shelving scheme
ეგზემპლარები
ჩამოწერის სტატუსი დაკარგული ეგზემპლარის სტატუსი კლასიფიკაციის წყარო ან თაროზე გაწყობის სქემა დაზიანების სტატუსი არ გაიცემა მუდმივი მდებარეობა (დაცვის ადგილი) ამჟამინდელი ადგილსამყოფელი თაროზე განთავსების ადგილი შეძენის თარიღი სრული შენახვის შიფრი შტრიხკოდი ბოლო ოპერაციის თარიღი ეგზემპლარის მიმდევრობითი ნომერი (კეტერი?) ფასის ძალაში შესვლის თარიღი ეგზემპლარის სახეობა
          ბათუმის შოთა რუსთაველის სახელმწიფო უნივერსიტეტის მთავარი ბიბლიოთეკა ბათუმის შოთა რუსთაველის სახელმწიფო უნივერსიტეტის მთავარი ბიბლიოთეკა წიგნსაცავი 2018-12-17 94(479.22) ქ-65 6626 2018-12-17 6626 2018-12-17 წიგნი